Madhyakalin bhartiya kalaye aur unka vikas (Record no. 191121)

MARC details
000 -LEADER
fixed length control field 00316nam a2200133Ia 4500
008 - FIXED-LENGTH DATA ELEMENTS--GENERAL INFORMATION
fixed length control field 230917s9999||||xx |||||||||||||| ||und||
040 ## - CATALOGING SOURCE
-- 188440
Original cataloging agency VIVEKANANDA LIBRARY
041 ## - Language
-- English
082 ## - DDC NUMBER
Classification number 709.54 R146M
100 ## - MAIN ENTRY--PERSONAL NAME
Personal name Ramnath
245 #0 - TITLE STATEMENT
Title Madhyakalin bhartiya kalaye aur unka vikas
300 ## - PHYSICAL DESCRIPTION
Pages 76 p.
942 ## - ADDED ENTRY ELEMENTS (KOHA)
Koha item type Books
Holdings
Withdrawn status Lost status Damaged status Not for loan Location (home branch) Sublocation or collection (holding branch) Date acquired Koha issues (times borrowed) Koha full call number Accession No. Koha date last seen Koha item type
        VIVEKANANDA LIBRARY VIVEKANANDA LIBRARY 07/09/2011   709.54 R146M 48402 17/09/2023 Books
© Designed and Maintained by Vivekananda Library, MDU Rohtak